Le décret de Memphis et les inscriptions de Rosette et de Damanjour /

محفوظ في:

المؤلف الرئيسي: Baillet, Auguste Théophile, 1834-

التنسيق: كتاب

اللغة: French

منشور في: Orléans : Impr. G. Michau et cie, 1888.

الموضوعات:

الوسوم: إضافة وسم

لا توجد وسوم, كن أول من يضع وسما على هذه التسجيلة!

رقم الطلب: PJ1521 .B2

LEADER 00753nam a22002177a 4500
003 OSt
005 20251020084726.0
008 251020t1888 fr f 000 0 fre d
040 |c ARCE Library 
050 1 4 |a PJ1521  |b .B2 
100 1 |a Baillet, Auguste Théophile,   |d 1834- 
245 1 3 |a Le décret de Memphis et les inscriptions de Rosette et de Damanjour /   |c par Auguste Baillet ... 
264 1 |a Orléans :   |b Impr. G. Michau et cie,   |c 1888. 
300 |a [3]. 135, [1] xxxi pages :   |b folded plates ;   |c 25 cm. 
500 |a "Le décret de Memphis; texte et traduction": p. [i]-xxxi at end. 
630 0 0 |a Rosetta stone. 
650 0 |a Stelae, Egyptian. 
651 0 |a Damanhūr (Egypt) -- Antiquities. 
901 |a reviewed 
942 |2 lcc  |c BK 
999 |c 50114  |d 50114